| 000 | 00421 a2200133 4500 | ||
|---|---|---|---|
| 003 | Nust | ||
| 005 | 20170207154419.0 | ||
| 040 | _cNust | ||
| 082 | _a799 | ||
| 245 |
_aDine Out of Col Rafiq & Lt Col Ihtisham (Photo Album Vol No. 1, 2001) _cMCS |
||
| 260 |
_aRawalpindi _bMCS _c25-07-2001 |
||
| 650 | _aPictures of Dine Out of Col Rafiq & Lt Col Ihtisham in MCS,(Photo Album Vol No. 1, 2001,CD-NO-6) | ||
| 651 | _aSweet Memories-MCS | ||
| 942 | _cBK | ||
| 999 |
_c197456 _d197456 |
||